Truth in advertising and other heresies.

Bibliographic Details
Main Author: Weir, Walter
Format: Book
Language:English
Published: New York : McGraw-Hill, [1963]
Subjects:

MARC

Tag First Indicator Second Indicator Subfields
LEADER 00000cam a2200000 4500
001 in00000200461
005 20151009060815.0
008 731015s1963 nyu b 00000 eng
010 |a  62022205  
035 |a (OCoLC)00717831 
035 |9 AAX4560AM 
040 |c CSU  |d TXA  |d UtOrBLW 
049 |a TXAM  |c [357833] 
050 0 |a HF5821  |b .W4 
082 0 |a 659.1 
100 1 |a Weir, Walter. 
245 1 0 |a Truth in advertising and other heresies. 
264 1 |a New York :  |b McGraw-Hill,  |c [1963] 
300 |a 224 pages ;  |c 21cm. 
336 |a text  |b txt  |2 rdacontent 
337 |a unmediated  |b n  |2 rdamedia 
338 |a volume  |b nc  |2 rdacarrier 
504 |a Includes bibliography. 
650 0 |a Advertising. 
999 |a MARS 
999 f f |s db87fbad-4227-391d-84eb-ba0afc38f518  |i 4ad5488f-8842-30e4-9264-f2dca903671e  |t 0 
952 f f |p ric  |a Texas A&M University  |b Rellis Campus  |c Joint Library Facility  |d Remote Storage  |t 0  |e HF5821 .W4  |h Library of Congress classification  |i unmediated -- volume  |m A14802851276 
998 f f |a HF5821 .W4  |t 0  |l Remote Storage